BBC Sports Personality of the Year Lifetime Achievement Award - Statistics

General Stats
  • This quiz has been taken 55 times
    45 since last reset
  • The average score is 10 of 16
Answer Stats
Year Nationality Sport Winner % Correct
2016 United States Swimming Michael Phelps
86%
2005  Brazil Football Pelé
86%
2010  United Kingdom Football David Beckham
83%
2006  Sweden Tennis Björn Borg
80%
2014  United Kingdom Cycling Chris Hoy
69%
1997  Spain Golf Seve Ballesteros
69%
2011  United Kingdom Rowing Steve Redgrave
69%
2003  Czechoslovakia Tennis Martina Navratilova
66%
2008  United Kingdom Football Bobby Charlton
63%
2015  United Kingdom Horse racing AP McCoy
57%
1996 United Kingdom Boxing Frank Bruno
49%
2004  United Kingdom Cricket Ian Botham
49%
2001  United Kingdom Football Alex Ferguson
43%
2002  United Kingdom Football George Best
40%
2012  United Kingdom Athletics Sebastian Coe
40%
2007  United Kingdom Football Bobby Robson
29%
No matching quizzes found
Score Distribution
Percent of People with Each Score
Percentile by Number Answered
Your Score History
You have not taken this quiz since the last reset